Classement perpétuel Bundesliga 2024 - Statistiques

Statistiques générales
  • Ce quiz a été pris 144 fois
  • Le résultat moyen est 24 sur 57
Statistiques - réponses
Nombre de saison en Bundesliga Dernière saison en Bundesliga Réponse % Correct
59 En cours Bayern Munich / Bayern
98%
57 En cours Borussia Dortmund / Dortmund
97%
45 En cours Bayer Leverkusen / Leverkusen
94%
8 En cours Leipzig
88%
57 En cours Stuttgart
85%
55 2018 Hambourg
84%
54 2023 Schalke
84%
55 En cours Eintracht Francfort / Francfort
82%
52 En cours Cologne
79%
1 1974 Fortuna Cologne / Cologne
79%
59 En cours Werder Breme
78%
56 En cours Borussia Mönchengladbach / Monchen
77%
27 En cours Wolfsbourg
75%
5 En cours Union Berlin
72%
24 En cours Fribourg
66%
16 En cours Hoffenheim
66%
18 En cours Mayence
66%
40 2023 Hertha Berlin
59%
37 En cours Bochum
57%
25 2020 Dusseldorf
56%
30 2019 Hanovre 96 / Hanovre
54%
33 2019 Nuremberg
54%
13 En cours Augsburg
52%
44 2012 Kaiserslautern / Kaiser
49%
20 2004 Munich 1860 / Munich
48%
5 En cours Darmstadt
43%
2 1977 Tennis Borussia Berlin / Berlin
42%
1 En cours Heidenheim
41%
1 1987 Blau Weiss 90 Berlin / Berlin
40%
4 1995 Dynamo Dresde / Dresde
40%
19 2022 Arminia Bielefeld / Bielefeld
38%
2 2020 Paderborn
33%
12 2008 Hansa Rostock / Rostock
32%
8 2011 St Pauli
32%
2 2022 Greuther Furth
29%
2 2017 Ingolstadt
26%
28 2008 Duisbourg
25%
5 1993 Sarrebruck
25%
4 2007 Aix la Chapelle
23%
7 1977 Essen
21%
7 1990 Waldhof Mannheim / Mannheim
18%
1 2000 Ulm
17%
6 2009 Energie Cottbus / Cottbus
16%
1 1964 Preussen Munster / Munster
15%
21 2014 Eintracht Braunschweig / Braunschweig
10%
24 2009 Karlsruher
10%
14 1996 Uerdingen
6%
2 2001 Unterhaching
6%
7 1984 Kickers offenbach / Offenbach
5%
3 1990 Homburg
4%
3 1973 Borussia Neunkirchen / Neunkirchen
2%
1 1994 Lokomotive Leipzig
2%
4 1973 Oberhausen
2%
2 1992 Stuttgarter Kickers
2%
1 1966 Tasmania Berlin
2%
4 1994 Wattenscheid
2%
3 1975 Wuppertaler
2%
Aucun quiz correspondant
Distribution des résultats
% des personnes avec chaque résultat
Percentile par nombre de réponses
Votre historique - résultats
Vous n’avez pas pris ce quiz